01012nam a22003257a 4500003000400000020001800004020001500022082001900037245011700056260006500173300001000238546001200248650004900260650003400309650001700343650001900360650003400379650001800413650003000431650005500461700002000516700002200536700001600558700001600574700001700590700001800607700001900625700002100644700002100665OSt a9788170196266 a8170196267 a632.65bMUJ/BI aBio-intensive approaches:bapplication and effectiveness in the management of plant nematodes, insects and weeds aNew DelhibToday and tomorrow's printers and publishesc2019 a678p. aEnglish aPlant parasitic nematodes biological control aNematode management in cotton aOnion thrips aBiosurfactants aVaccination for edible plants aCoccinellids  aFungal bio control agents aRoot-knot nematode infestation in medicinal plants aMujeebur R Khan aMukhopadhyay, A N aPandey, R N aThakur, M P aDinesh Singh aSiddiqui, M A aMuhammed Akram aFayaz A Mohiddin aZiaul Haque eds.